| 000 | 00446nam a2200181Ia 4500 | ||
|---|---|---|---|
| 001 | 24090 | ||
| 005 | 20260414151020.0 | ||
| 008 | 260414t2003||||xx |||||||||||||| ||spa|| | ||
| 041 | _aESP | ||
| 082 |
_a780 _bM95 |
||
| 100 |
_aGrupo Océano _eAUT |
||
| 245 | 0 |
_aEl mundo de la música : _bgrandes autores y grandes obras |
|
| 260 | _c2003 | ||
| 300 |
_a412 páginas : _c30 cm. |
||
| 650 | _aABD | ||
| 654 | _aCAU | ||
| 942 |
_cLIB _dJUS _fJUS _2ddc _n |
||
| 999 |
_c24090 _d24090 |
||